Ngôn ngữ lập trình C++ và cấu trúc dữ liệu
Trình bày ngôn ngữ lập trình C++ và cách cài đặt một số cấu trúc dữ liệu cơ bản bằng ngôn ngữ lập trình C++
Kaydedildi:
| Yazar: | |
|---|---|
| Materyal Türü: | Kitap |
| Dil: | Vietnamese |
| Baskı/Yayın Bilgisi: |
H.
Giáo dục
|
| Edisyon: | Tái bản lần thứ 3 |
| Konular: | |
| Etiketler: |
Etiketle
Etiket eklenmemiş, İlk siz ekleyin!
|
| Thư viện lưu trữ: | Mạng thư viện Đại học Đà Nẵng |
|---|
| LEADER | 01284nam a2200361 4500 | ||
|---|---|---|---|
| 001 | 000009376 | ||
| 003 | 5573 | ||
| 005 | 20120302080336.0 | ||
| 008 | 111026s viesd | ||
| 020 | |c 32000đ | ||
| 041 | 0 | |a vie | |
| 082 | |a 005.133 |b NG-H | ||
| 100 | 0 | |a Nguyễn Việt Hương | |
| 245 | 0 | |a Ngôn ngữ lập trình C++ và cấu trúc dữ liệu |c Nguyễn Việt Hương | |
| 250 | |a Tái bản lần thứ 3 | ||
| 260 | |a H. |b Giáo dục | ||
| 300 | |a 259tr. |b bảng |c 27cm | ||
| 504 | |a Thư mục: tr. 257 | ||
| 520 | |a Trình bày ngôn ngữ lập trình C++ và cách cài đặt một số cấu trúc dữ liệu cơ bản bằng ngôn ngữ lập trình C++ | ||
| 653 | |a Ngôn ngữ lập trình | ||
| 653 | |a Tin học | ||
| 653 | |a Ngôn ngữ C++ | ||
| 910 | |a QUỲNH |d 26/10/2011 | ||
| OWN | |a LSP | ||
| AVA | |a UDN50 |b LSP |d 005.133 NG-H |e available |t Error 5001 Not defined in file expand_doc_bib_avail. |f 10 |g 0 |h N |i 1 |k 1 | ||
| 999 | |a From the UDN01 | ||
| AVA | |a UDN50 |b LSP |d 005.133 NG-H |e available |t Error 5001 Not defined in file expand_doc_bib_avail. |f 10 |g 0 |h N |i 1 |k 1 | ||
| TYP | |a Monograph | ||
| TYP | |a Printed language | ||
| 980 | |a Mạng thư viện Đại học Đà Nẵng | ||